000 01049nas a2200361 4500
001 BR0601097
003 BR-BrBNA
005 20231205105858.0
007 ta
008 230509b bl.|||p| |||| 00| 00por d
040 _aBR-BrBNA
_bpor
_cBiblioteca Nacional de Agricultura
041 _a(Pt)
072 _aQ04; J12
100 1 _aPiccinin, A.
100 1 _aOnselen, V.J. van
100 1 _aMalhado, C.H.M.
100 1 _aPavan, A.C.
100 1 _aSilva, A. de P.
100 1 _aGimenez, J.N.
100 1 _aMóri, C.
100 1 _aGonçalves, H.C.
100 1 _aRamos, A. de A.
100 1 _aGarcia, E.A.
245 1 _aTécnicas de conservação da qualidade de ovos de codornas (Coturnix coturnix japonica)
650 _aCODORNA
650 _aOVO
650 _aQUALIDADE
650 _aCONSERVAÇÃO
650 _aARMAZENAMENTO
773 0 _tRevista Científica de Produção Animal (Brazil)
_xISSN 1415-563X
_g(Jul-Dec 2005), v. 7(2) p. 52-59
_wBR0601097
909 _a202311
_bLúcia
_c55
_dLúcia Elande
942 _2AGRIS
_n0
_cANA
999 _c185146
_d185146